[Event "Provincial-ch Valencia Segunda"]
[Site "Valencia"]
[Date "2014.11.08"]
[Round "5.5"]
[White "Fernandez Gonzalez, Francisco I"]
[Black "Mena Sancho, Angel"]
[Result "0-1"]
[WhiteElo "1338"]
[BlackElo "1612"]
[PlyCount "70"]
[EventDate "2014.09.27"]
[EventType "swiss"]
[EventRounds "7"]
[EventCountry "ESP"]
[SourceTitle "EXT 2024"]
[Source "ChessBase"]
[SourceDate "2023.10.10"]
[SourceVersion "1"]
[SourceVersionDate "2023.10.10"]
[SourceQuality "1"]

1. d4 d5 2. c4 c6 3. Nc3 Nf6 4. Nf3 dxc4 5. e3 b5 6. Be2 Bf5 7. Ne5 Nfd7 8. 0-0 Nxe5 9. dxe5 Nd7 10. f4 e6 11. Bf3 Rc8 12. Ne4 Bxe4 13. Bxe4 Bc5 14. Rf3 f5 15. Bc2 0-0 16. Rg3 Nb6 17. Bd2 Qh4 18. Qf3 Nd5 19. Kh1 g6 20. a3 Rfd8 21. Be1 Qe7 22. Rg5 Nxe3 23. Bd1 Nxd1 24. Rxd1 Rxd1 25. Qxd1 Rd8 26. Qf3 Qd7 27. Qg3 Kg7 28. h4 Qd4 29. Kh2 Qg1+ 30. Kh3 Rd3 31. Qxd3 Qh1+ 32. Kg3 Qxe1+ 33. Kh3 cxd3 34. h5 Qe3+ 35. Kh2 Qxf4+ 0-1

[Event "Provincial-ch Valencia Segunda"]
[Site "Valencia"]
[Date "2014.10.04"]
[Round "2.4"]
[White "Fernandez Gonzalez, Francisco I"]
[Black "Saugar Rodriguez, Francisco"]
[Result "0-1"]
[WhiteElo "1338"]
[BlackElo "1620"]
[PlyCount "76"]
[EventDate "2014.09.27"]
[EventType "swiss"]
[EventRounds "7"]
[EventCountry "ESP"]
[SourceTitle "EXT 2024"]
[Source "ChessBase"]
[SourceDate "2023.10.10"]
[SourceVersion "1"]
[SourceVersionDate "2023.10.10"]
[SourceQuality "1"]

1. d4 e6 2. c4 c5 3. Nf3 cxd4 4. Nxd4 Nc6 5. e3 Nf6 6. Nxc6 bxc6 7. g3 Ne4 8. Bg2 Bb4+ 9. Bd2 Nxd2 10. Nxd2 Ba6 11. b3 Qa5 12. Qc2 Rc8 13. Rd1 d5 14. 0-0 0-0 15. Nf3 Rfd8 16. Ne5 Bc3 17. f4 Bxe5 18. fxe5 Qc5 19. Rd4 dxc4 20. Rfd1 Rxd4 21. exd4 Qb4 22. Rc1 cxb3 23. Qb2 c5 24. axb3 c4 25. Qc3 Qxb3 26. Qxb3 cxb3 27. Rb1 Rc3 28. d5 Kf8 29. d6 Bb5 30. Rb2 Rc1+ 31. Bf1 Rxf1+ 32. Kg2 Bc4 33. Rd2 Ke8 34. h4 Rc1 35. Kf3 Rc2 36. Rd1 Kd7 37. Ke3 b2 38. Rb1 Rc1 0-1